[Event "Titled Tuesday intern op 20th Jun Late"]
[Site "Chess.com INT"]
[Date "2023.06.20"]
[Round "2"]
[White "Delorme, Axel"]
[Black "Zhukov, Maksim"]
[Result "1-0"]
[WhiteElo "2483"]
[BlackElo "1835"]
[PlyCount "101"]
[EventDate "2023.06.20"]
[EventType "swiss (blitz)"]
[EventRounds "11"]
[EventCountry "USA"]
[SourceTitle "EXT 2024"]
[Source "ChessBase"]
[SourceDate "2023.10.10"]
[SourceVersion "1"]
[SourceVersionDate "2023.10.10"]
[SourceQuality "1"]

1. e4 c5 2. Nf3 d6 3. Bb5+ Bd7 4. Bxd7+ Qxd7 5. 0-0 Nc6 6. c3 Nf6 7. Qe2 e6 8. d4 cxd4 9. cxd4 Be7 10. Nc3 0-0 11. d5 Ne5 12. Nxe5 dxe5 13. Rd1 Bb4 14. dxe6 Qxe6 15. Nd5 Nxd5 16. Rxd5 Rfd8 17. Qb5 Rxd5 18. exd5 Qb6 19. Qxb6 axb6 20. Be3 Bc5 21. a3 Rd8 22. Rd1 Bd4 23. Bxd4 exd4 24. Rxd4 f5 25. Kf1 Kf7 26. Ke2 g5 27. Rb4 Rxd5 28. Rxb6 Re5+ 29. Kd3 Rd5+ 30. Kc4 Rd7 31. a4 Rc7+ 32. Kb5 Rc2 33. Rxb7+ Kg6 34. b4 Rxf2 35. a5 Rxg2 36. a6 Ra2 37. a7 Kh5 38. Rxh7+ Kg4 39. Kb6 f4 40. Rh8 f3 41. a8Q Rxa8 42. Rxa8 Kh3 43. Rf8 g4 44. Rh8+ Kg2 45. Rh4 g3 46. hxg3 Kxg3 47. Rh8 f2 48. Rf8 Kg2 49. Rxf2+ Kxf2 50. Kc5 Ke3 51. b5 1-0

[Event "Titled Tuesday intern op 13th Jun Late"]
[Site "Chess.com INT"]
[Date "2023.06.13"]
[Round "1"]
[White "Hajiyev, Kanan"]
[Black "Zhukov, Maksim"]
[Result "1-0"]
[WhiteElo "2164"]
[BlackElo "1835"]
[PlyCount "125"]
[EventDate "2023.06.13"]
[EventType "swiss (blitz)"]
[EventRounds "11"]
[EventCountry "USA"]
[SourceTitle "EXT 2024"]
[Source "ChessBase"]
[SourceDate "2023.10.10"]
[SourceVersion "1"]
[SourceVersionDate "2023.10.10"]
[SourceQuality "1"]

1. d4 Nf6 2. Nf3 d5 3. c4 dxc4 4. Nc3 a6 5. a4 Bg4 6. e4 e5 7. dxe5 Qxd1+ 8. Kxd1 Nfd7 9. Bf4 Nc6 10. Bxc4 Ndxe5 11. Be2 0-0-0+ 12. Kc1 Bxf3 13. gxf3 Nd3+ 14. Bxd3 Rxd3 15. Be3 Nb4 16. Rd1 Bd6 17. Rxd3 Nxd3+ 18. Kc2 Nb4+ 19. Kb3 Nd3 20. Rd1 Nc5+ 21. Kc4 Nxa4 22. Nxa4 b5+ 23. Kb3 bxa4+ 24. Kxa4 Bxh2 25. f4 g5 26. fxg5 Bd6 27. Rh1 Kd7 28. f3 Ke6 29. Bd4 Be5 30. Rh6+ f6 31. Bxe5 Kxe5 32. Rxf6 Rg8 33. Rf5+ Kd4 34. Ka5 Rg6 35. b4 Re6 36. Rf7 Re5+ 37. Kxa6 Rxg5 38. Rxh7 Rg6+ 39. Ka5 Rf6 40. Rxc7 Rxf3 41. b5 Kxe4 42. b6 Ra3+ 43. Kb4 Ra1 44. Rd7 Rb1+ 45. Kc5 Ke5 46. Re7+ Kf6 47. Re4 Kf5 48. Rb4 Rc1+ 49. Kd6 Rd1+ 50. Kc6 Rc1+ 51. Kb5 Rc8 52. b7 Rh8 53. Kb6 Ke6 54. Rd4 Rg8 55. Ka7 Rg7 56. Ka8 Ke5 57. b8Q+ Kf5 58. Qf8+ Ke5 59. Qxg7+ Ke6 60. Qg5 Kf7 61. Qe5 Kf8 62. Rd7 Kg8 63. Qg7# 1-0

[Event "Titled Tuesday intern op 13th Jun Late"]
[Site "Chess.com INT"]
[Date "2023.06.13"]
[Round "6"]
[White "Sadovsky, Artem"]
[Black "Zhukov, Maksim"]
[Result "1-0"]
[WhiteElo "2276"]
[BlackElo "1835"]
[PlyCount "125"]
[EventDate "2023.06.13"]
[EventType "swiss (blitz)"]
[EventRounds "11"]
[EventCountry "USA"]
[SourceTitle "EXT 2024"]
[Source "ChessBase"]
[SourceDate "2023.10.10"]
[SourceVersion "1"]
[SourceVersionDate "2023.10.10"]
[SourceQuality "1"]

1. Nf3 c5 2. e3 d6 3. d4 cxd4 4. exd4 Nf6 5. Bd3 a6 6. 0-0 b5 7. Re1 Bb7 8. Bg5 Nbd7 9. Nbd2 Qb6 10. a4 h6 11. Bh4 g5 12. Bg3 Bg7 13. axb5 axb5 14. Rxa8+ Bxa8 15. Qe2 e6 16. Bxb5 0-0 17. Bxd7 Nxd7 18. Nc4 Qa6 19. Nxd6 Qxe2 20. Rxe2 Bxf3 21. gxf3 Bxd4 22. c3 Bg7 23. f4 gxf4 24. Bxf4 Ra8 25. Nc4 Ra4 26. Ne5 Nb6 27. Bg3 Nd5 28. Kg2 Ra2 29. Kf3 h5 30. c4 Nb4 31. b3 Ra3 32. Re3 Nc2 33. Rc3 Rxb3 34. Rxb3 Nd4+ 35. Ke3 Nxb3 36. Nd3 Bd4+ 37. Ke4 f5+ 38. Kf4 Nd2 39. c5 Nb3 40. c6 Bb6 41. Kg5 Bd8+ 42. Kxh5 Nd4 43. c7 Bxc7 44. Bxc7 Kf7 45. Be5 Nf3 46. h4 Nd2 47. Bf4 Ne4 48. Ne5+ Kf6 49. f3 Nf2 50. Nd7+ Ke7 51. Ne5 Kf6 52. Ng6 Nh3 53. Be5+ Kf7 54. Kh6 Ng1 55. Bf4 Nxf3 56. Ne5+ Nxe5 57. Bxe5 Kg8 58. Kg6 f4 59. h5 f3 60. h6 f2 61. Bf6 Kf8 62. h7 f1Q 63. h8Q# 1-0

[Event "Titled Tuesday intern op 13th Jun Early"]
[Site "Chess.com INT"]
[Date "2023.06.13"]
[Round "7"]
[White "Zhukov, Maksim"]
[Black "Lisenkov, Svyatoslav"]
[Result "0-1"]
[WhiteElo "1835"]
[BlackElo "2141"]
[PlyCount "54"]
[EventDate "2023.06.13"]
[EventType "swiss (blitz)"]
[EventRounds "11"]
[EventCountry "USA"]
[SourceTitle "EXT 2024"]
[Source "ChessBase"]
[SourceDate "2023.10.10"]
[SourceVersion "1"]
[SourceVersionDate "2023.10.10"]
[SourceQuality "1"]

1. d4 Nf6 2. Bf4 c5 3. e3 Qb6 4. Nc3 d6 5. dxc5 Qxc5 6. Nf3 g6 7. Qd4 Qa5 8. Bb5+ Bd7 9. Bxd7+ Nbxd7 10. Qa4 Qxa4 11. Nxa4 Nd5 12. Bg3 b5 13. Nc3 Nxc3 14. bxc3 Bg7 15. Nd4 a6 16. 0-0 0-0 17. a4 bxa4 18. Rxa4 Nc5 19. Ra3 a5 20. Rfa1 a4 21. Nc6 Bf6 22. Nb4 Ra7 23. Nd5 Ra6 24. Nxf6+ exf6 25. Rd1 Rb8 26. Bxd6 Rxd6 27. Rxd6 Rb1+ 0-1

[Event "Titled Tuesday intern op 20th Dec Late"]
[Site "Chess.com INT"]
[Date "2022.12.20"]
[Round "4"]
[White "Zhukov, Maksim"]
[Black "Polster, Christian"]
[Result "1/2-1/2"]
[WhiteElo "1835"]
[BlackElo "2235"]
[PlyCount "95"]
[EventDate "2022.12.20"]
[EventType "swiss (blitz)"]
[EventRounds "11"]
[EventCountry "USA"]
[SourceTitle "EXT 2024"]
[Source "ChessBase"]
[SourceDate "2023.10.10"]
[SourceVersion "1"]
[SourceVersionDate "2023.10.10"]
[SourceQuality "1"]

1. Nf3 d5 2. g3 Nf6 3. Bg2 Bf5 4. 0-0 e6 5. c4 c6 6. d4 Nbd7 7. Nc3 dxc4 8. Nd2 Nb6 9. e4 Bg6 10. a4 Qxd4 11. a5 Nbd7 12. a6 b5 13. e5 Nd5 14. Nf3 Qxd1 15. Rxd1 Nc5 16. Nd4 Rc8 17. Nxd5 exd5 18. Bh3 Rc7 19. e6 Bd6 20. exf7+ Kxf7 21. Be3 Re8 22. Bg2 Be5 23. Nxc6 Nd3 24. Bxd5+ Kf6 25. Nxe5 Rxe5 26. Bd4 Kf5 27. Bxe5 Kxe5 28. Bb7 Kd4 29. Rd2 b4 30. Ra5 c3 31. Rd5+ Kc4 32. bxc3 bxc3 33. Rc2 Nb4 34. Rxc3+ Kxc3 35. Re5 Rd7 36. Kg2 Kd4 37. Re1 Kc5 38. h4 Kb5 39. h5 Bxh5 40. Re5+ Kb6 41. Rxh5 Nxa6 42. Bxa6 Kxa6 43. Rxh7 Kb5 44. Rh5+ Kb4 45. Rh4+ Kb5 46. Rh5+ Kb4 47. Rh4+ Kb5 48. Rh5+ 1/2-1/2

[Event "Titled Tuesday intern op 18th Oct Late"]
[Site "Chess.com INT"]
[Date "2022.10.18"]
[Round "1"]
[White "Baskakov, Egor"]
[Black "Zhukov, Maksim"]
[Result "1-0"]
[WhiteElo "2215"]
[BlackElo "1950"]
[PlyCount "67"]
[EventDate "2022.10.18"]
[EventType "swiss (blitz)"]
[EventRounds "11"]
[EventCountry "USA"]
[SourceTitle "EXT 2024"]
[Source "ChessBase"]
[SourceDate "2023.10.10"]
[SourceVersion "1"]
[SourceVersionDate "2023.10.10"]
[SourceQuality "1"]

1. e4 d5 2. exd5 Nf6 3. Nf3 Nxd5 4. d4 Bg4 5. Be2 e6 6. 0-0 Be7 7. c4 Nb6 8. b3 0-0 9. Be3 Nc6 10. Nc3 Qd7 11. Qd2 Bf5 12. Rad1 Bf6 13. d5 exd5 14. Nxd5 Nxd5 15. cxd5 Ne5 16. Nxe5 Bxe5 17. Bf4 Bxf4 18. Qxf4 Rad8 19. Bf3 Bg6 20. d6 cxd6 21. Rd4 Qc7 22. Rfd1 b6 23. h4 h6 24. h5 Bh7 25. Rxd6 Rxd6 26. Qxd6 Qc2 27. Rd2 Qc1+ 28. Kh2 Re8 29. g3 Qe1 30. Qf4 Bb1 31. Bc6 Re2 32. Rxe2 Qxe2 33. g4 Qxa2 34. Bd5 1-0

[Event "Titled Tuesday intern op 18th Oct Late"]
[Site "Chess.com INT"]
[Date "2022.10.18"]
[Round "4"]
[White "Papayan, Oleg"]
[Black "Zhukov, Maksim"]
[Result "1-0"]
[WhiteElo "2253"]
[BlackElo "1950"]
[PlyCount "55"]
[EventDate "2022.10.18"]
[EventType "swiss (blitz)"]
[EventRounds "11"]
[EventCountry "USA"]
[SourceTitle "EXT 2024"]
[Source "ChessBase"]
[SourceDate "2023.10.10"]
[SourceVersion "1"]
[SourceVersionDate "2023.10.10"]
[SourceQuality "1"]

1. e4 c5 2. Nf3 e6 3. d4 cxd4 4. Nxd4 Nc6 5. Nb5 Nf6 6. N1c3 a6 7. Nd6+ Bxd6 8. Qxd6 Qe7 9. Qxe7+ Nxe7 10. Bf4 d5 11. f3 dxe4 12. fxe4 Bd7 13. 0-0-0 Bc6 14. Bd3 0-0-0 15. Rhf1 Ng6 16. Bg5 Rd7 17. Bxf6 gxf6 18. Rxf6 Ne5 19. Be2 Rg8 20. g3 b5 21. a3 Rxd1+ 22. Kxd1 Kd7 23. Kd2 Ke7 24. Rh6 Rg7 25. Ke3 f5 26. exf5 exf5 27. Kd4 Bf3 28. Kxe5 1-0

[Event "Titled Tuesday intern op 11th Oct Late"]
[Site "Chess.com INT"]
[Date "2022.10.11"]
[Round "6"]
[White "Martin Carmona, Gaston Manuel"]
[Black "Zhukov, Maksim"]
[Result "0-1"]
[WhiteElo "2335"]
[BlackElo "1950"]
[PlyCount "92"]
[EventDate "2022.10.11"]
[EventType "swiss (blitz)"]
[EventRounds "11"]
[EventCountry "USA"]
[SourceTitle "EXT 2024"]
[Source "ChessBase"]
[SourceDate "2023.10.10"]
[SourceVersion "1"]
[SourceVersionDate "2023.10.10"]
[SourceQuality "1"]

1. d4 Nf6 2. c4 g6 3. Nc3 Bg7 4. Nf3 0-0 5. g3 d6 6. Bg2 Nc6 7. 0-0 e5 8. d5 Nb8 9. e4 a5 10. Ne1 Na6 11. Nd3 Nd7 12. f4 exf4 13. Bxf4 Nac5 14. Nxc5 Nxc5 15. Qd2 Nd7 16. Rae1 Ne5 17. Bh6 Bg4 18. b3 Qd7 19. Bxg7 Kxg7 20. Qg5 h6 21. Qf6+ Kg8 22. Nb5 a4 23. Nd4 axb3 24. axb3 Ra2 25. Ra1 Rfa8 26. Rxa2 Rxa2 27. Rf4 Rd2 28. Nb5 h5 29. Bf1 Rb2 30. Nd4 c5 31. dxc6 bxc6 32. Bg2 Rd2 33. Nf3 Bxf3 34. Bxf3 Qa7+ 35. Kh1 Qa1+ 36. Bd1 Rxd1+ 37. Kg2 Qb2+ 38. Kh3 Rd2 39. Qd8+ Kh7 40. Kh4 Rxh2+ 41. Kg5 Nf3+ 42. Rxf3 Qe5+ 43. Rf5 Qxg3+ 44. Kf6 Qh4+ 45. Rg5 Rf2+ 46. Ke7 Qxg5+ 0-1

[Event "Titled Tuesday intern op 11th Oct Late"]
[Site "Chess.com INT"]
[Date "2022.10.11"]
[Round "2"]
[White "Meissner, Felix"]
[Black "Zhukov, Maksim"]
[Result "1/2-1/2"]
[WhiteElo "2369"]
[BlackElo "1950"]
[PlyCount "164"]
[EventDate "2022.10.11"]
[EventType "swiss (blitz)"]
[EventRounds "11"]
[EventCountry "USA"]
[SourceTitle "EXT 2024"]
[Source "ChessBase"]
[SourceDate "2023.10.10"]
[SourceVersion "1"]
[SourceVersionDate "2023.10.10"]
[SourceQuality "1"]

1. e4 d5 2. exd5 Nf6 3. d4 Nxd5 4. Nf3 Bg4 5. Be2 e6 6. 0-0 Be7 7. h3 Bh5 8. c4 Nb6 9. Be3 0-0 10. Nbd2 Nc6 11. b3 Bg6 12. a4 a5 13. c5 Nd5 14. Nc4 Bf6 15. Qd2 h6 16. Rad1 Ncb4 17. Nfe5 Bxe5 18. Nxe5 Bf5 19. Bc4 f6 20. Nf3 Be4 21. Nh2 Qe7 22. Rfe1 Qf7 23. Bf4 Nxf4 24. Qxf4 Bd5 25. Ng4 Rad8 26. Qg3 Kh8 27. Ne3 c6 28. Nxd5 exd5 29. Bd3 Nxd3 30. Rxd3 Rfe8 31. Rde3 f5 32. Qf4 Re4 33. Rxe4 dxe4 34. Rxe4 Qxb3 35. Qxf5 Qd1+ 36. Kh2 Qxa4 37. Re7 Qxd4 38. Rxb7 Qd5 39. Qg4 Qe5+ 40. f4 Qd4 41. Rc7 a4 42. Rxc6 a3 43. Ra6 Qb2 44. c6 Qc3 45. Ra7 a2 46. c7 Rg8 47. Rxa2 Qxc7 48. Rf2 Rf8 49. g3 Qc5 50. Qf3 Qd4 51. h4 Rb8 52. Kg2 Rb1 53. Re2 Rb8 54. f5 Rb2 55. Rxb2 Qxb2+ 56. Kh3 Qf6 57. Kg4 Kh7 58. Qe4 Kh8 59. Qe8+ Kh7 60. Qe6 Qd4+ 61. Kh3 Qc3 62. Qg6+ Kh8 63. Qe8+ Kh7 64. Qe4 Qf6 65. g4 Qc3+ 66. Kg2 Qd2+ 67. Kf3 Qc3+ 68. Kf4 Qd2+ 69. Qe3 Qb4+ 70. Kg3 Qd6+ 71. Qf4 Qd3+ 72. Qf3 Qd6+ 73. Kh3 Qd2 74. f6 gxf6 75. Qf5+ Kg7 76. h5 Qe3+ 77. Kg2 Qe2+ 78. Kg3 Qe3+ 79. Kg2 Qe2+ 80. Kh3 Qe3+ 81. Kh4 Qe1+ 82. Kh3 Qe3+ 1/2-1/2

[Event "Titled Tuesday intern op 11th Oct Late"]
[Site "Chess.com INT"]
[Date "2022.10.11"]
[Round "7"]
[White "Zhukov, Maksim"]
[Black "Aghasiyev, Kamal"]
[Result "0-1"]
[WhiteElo "1950"]
[BlackElo "2441"]
[PlyCount "168"]
[EventDate "2022.10.11"]
[EventType "swiss (blitz)"]
[EventRounds "11"]
[EventCountry "USA"]
[SourceTitle "EXT 2024"]
[Source "ChessBase"]
[SourceDate "2023.10.10"]
[SourceVersion "1"]
[SourceVersionDate "2023.10.10"]
[SourceQuality "1"]

1. Nf3 d5 2. g3 Nf6 3. Bg2 e6 4. 0-0 Be7 5. d3 0-0 6. Nbd2 Nc6 7. e4 dxe4 8. Nxe4 Nxe4 9. dxe4 e5 10. c3 a5 11. a4 Be6 12. Qc2 Bc5 13. Rd1 Qe7 14. h3 f6 15. Nh4 Qf7 16. Re1 Rfd8 17. Nf5 Rd7 18. Be3 Bxe3 19. Nxe3 Rad8 20. Rad1 Bb3 21. Rxd7 Rxd7 22. Qe2 Bxa4 23. Nd5 Ne7 24. Qc4 Bc6 25. Rd1 Kh8 26. Qc5 Nc8 27. Qxa5 b6 28. Qb4 f5 29. Qc4 Bxd5 30. exd5 Nd6 31. Qc6 h6 32. Re1 Re7 33. Ra1 e4 34. Ra8+ Kh7 35. Kh2 f4 36. Qa4 f3 37. Bf1 e3 38. Bd3+ g6 39. Qd4 Qg7 40. fxe3 Qxd4 41. exd4 Re3 42. Ba6 Re1 43. Rf8 Rb1 44. Rxf3 Rxb2+ 45. Kg1 b5 46. Rf8 Ra2 47. Ra8 Kg7 48. Bb7 Rb2 49. Bc6 g5 50. Ra7 Kf6 51. Rxc7 Kf5 52. Rd7 Ne4 53. Rf7+ Kg6 54. Rf3 Rc2 55. d6 Nxd6 56. Bd5 Kg7 57. h4 g4 58. Re3 Nf5 59. Rd3 h5 60. Be4 Nd6 61. Bd5 Kf6 62. Re3 Nf5 63. Re6+ Kg7 64. Rb6 Nxg3 65. Rxb5 Rxc3 66. Bg2 Ne2+ 67. Kf1 Nxd4 68. Rxh5 g3 69. Rg5+ Kf6 70. Be4 Re3 71. Bc2 Nxc2 72. Kg2 Ne1+ 73. Kh3 g2+ 74. Kh2 Nf3+ 75. Kxg2 Nxg5 76. hxg5+ Kxg5 77. Kf2 Re5 78. Kf3 Rf5+ 79. Kg3 Rf4 80. Kh2 Rf3 81. Kg2 Kg4 82. Kh2 Rf2+ 83. Kg1 Kg3 84. Kh1 Rf1# 0-1

[Event "Titled Tuesday intern op 23rd Aug Late"]
[Site "Chess.com INT"]
[Date "2022.08.23"]
[Round "3"]
[White "Vlassov, Nikolai"]
[Black "Zhukov, Maksim"]
[Result "1-0"]
[WhiteElo "2283"]
[BlackElo "1886"]
[PlyCount "55"]
[EventDate "2022.08.23"]
[EventType "swiss (blitz)"]
[EventRounds "11"]
[EventCountry "USA"]
[SourceTitle "EXT 2023"]
[Source "ChessBase"]
[SourceDate "2022.10.05"]
[SourceVersion "1"]
[SourceVersionDate "2022.10.05"]
[SourceQuality "1"]

1. e4 d5 2. exd5 Nf6 3. Bb5+ Bd7 4. Bc4 Bg4 5. f3 Bc8 6. Nc3 Nbd7 7. Qe2 Nb6 8. Qd3 g6 9. Bb3 Bg7 10. Qb5+ Bd7 11. Qa5 0-0 12. d3 Nh5 13. Nge2 Bc8 14. h4 Re8 15. g4 Nf6 16. h5 e6 17. hxg6 hxg6 18. dxe6 Bxe6 19. Bh6 Bxb3 20. axb3 Nfd5 21. Bxg7 Kxg7 22. 0-0-0 Qg5+ 23. Kb1 Nxc3+ 24. Qxc3+ Qf6 25. Rh7+ Kxh7 26. Qxf6 Rxe2 27. Rh1+ Kg8 28. Rh8# 1-0

[Event "Titled Tuesday intern op 23rd Aug Late"]
[Site "Chess.com INT"]
[Date "2022.08.23"]
[Round "2"]
[White "Zhukov, Maksim"]
[Black "Claridge Hansen, William"]
[Result "0-1"]
[WhiteElo "1886"]
[BlackElo "2345"]
[PlyCount "62"]
[EventDate "2022.08.23"]
[EventType "swiss (blitz)"]
[EventRounds "11"]
[EventCountry "USA"]
[SourceTitle "EXT 2023"]
[Source "ChessBase"]
[SourceDate "2022.10.05"]
[SourceVersion "1"]
[SourceVersionDate "2022.10.05"]
[SourceQuality "1"]

1. Nf3 Nf6 2. g3 e6 3. Bg2 d5 4. 0-0 Be7 5. d3 0-0 6. Nbd2 c5 7. e4 dxe4 8. Nxe4 Nc6 9. Re1 b6 10. Ne5 Nxe5 11. Nxf6+ Bxf6 12. Bxa8 Qc7 13. Bg2 Rd8 14. Bf4 g5 15. Bxe5 Bxe5 16. Qh5 f6 17. Be4 Bxb2 18. Rab1 Bc3 19. Re2 Qg7 20. h4 f5 21. Bg2 g4 22. Qg5 Qxg5 23. hxg5 Kf7 24. Rb3 Bd4 25. Kf1 Kg6 26. f4 gxf3 27. Bxf3 Kxg5 28. Rh2 h6 29. Ke2 Bg7 30. a4 c4 31. Rc3 Bxc3 0-1